Diplomatické právo v mezinárodních vztazích

Etapy procesu formovania diplomatického práva. Kódex a normy diplomatického práva. Kodifikačný dokument.

Guardado en:
Detalles Bibliográficos
Autor principal: Drhlík, Alois
Formato: Capítulo de libro
Lenguaje:checo
Materias:
Etiquetas: Agregar Etiqueta
Sin Etiquetas, Sea el primero en etiquetar este registro!

MARC

LEADER 00000naa a2200000 4500
001 r035192
005 20230927120210.6
041 0 |a cze 
044 |a CZ 
245 1 0 |a Diplomatické právo v mezinárodních vztazích  |c Alois Drhlík 
520 |a Etapy procesu formovania diplomatického práva. Kódex a normy diplomatického práva. Kodifikačný dokument. 
610 2 0 |a diplomacia 
610 2 0 |a vzťahy formálne 
610 2 0 |a vzťahy politické medzinárodné 
610 2 0 |a právo medzinárodné 
610 2 0 |a kódexy 
610 2 0 |a vlády 
100 1 |a Drhlík, Alois